000 00902nam a2200277Ia 4500
003 OSt
005 20220925223741.0
006 a|||||r|||| 00| 0
007 ta
008 220923b |||||||| |||| 00| 0 eng d
020 _a9780415598637
_c5685.3500000000004
037 _b133/2011-12, 25/01/2012, CLASSIC BOOKS SERVICES
_cGeneral Book
040 _aRTL
_cRTL
_beng
041 _2eng
_aeng
082 _aNB,3,3.1, Q1
100 _aSteger Manfred B
_918413
245 0 _aGlobal ideologies and urban landscapes
260 _aLondon
_bRoutledge
_c2011
300 _aix, 132p
_ccm.
490 _aRethinking Globalizations
500 _aBibliography chapterwise
650 _aGeography
700 _a Mcnevin Anne
_9290265
942 _hNB,3,3.1, Q1
_cGB
_2CC
999 _c580304
_d580304